| 000 | 00971nac a22002651i 4500 | ||
|---|---|---|---|
| 003 | EG-ScBUE | ||
| 005 | 20240708133055.0 | ||
| 008 | 120828s1965 ua f b 000 0 eara d | ||
| 020 | _a9774191072 | ||
| 040 |
_aEG-ScBUE _bara _erda _cEG-ScBUE _dEG-ScBUE |
||
| 043 | _af-ua--- | ||
| 082 | 0 | 4 |
_a953.1 _bج و هـ _222 |
| 100 | 1 |
_aجوهري، رفعت، _eمؤلف. _930886 |
|
| 245 | 1 | 0 |
_aسيناء : _bأرض القمر / _cبقلم اللواء رفعت الجوهري. |
| 264 | 1 |
_aالقاهرة : _bالدار القومية للطباعة والنشر، _c1965. |
|
| 300 |
_a250 صفحة : _bإيضاحيات ؛ _c24 سم. |
||
| 336 |
_2rdacontent _aنص _btxt |
||
| 337 |
_aبدون وسيط _2rdamedia _bn |
||
| 338 |
_aمجلد _bnc _2rdacarrier |
||
| 490 | 0 | _aمن الشرق والغرب | |
| 504 | _aيشتمل على إرجاعات ببليوجرافية. | ||
| 651 | 7 |
_2BUEsh _aسيناء (مصر) _xتاريخ. |
|
| 655 | _vReading book | ||
| 942 |
_cBB _2ddc |
||
| 999 |
_c5659 _d5659 |
||